000 01202nam a2200289 i 4500
003 DO-SdBNP
005 20250424095349.0
007 ta
008 220623e2004 dr ||||frlg|| 001 0 spa d
040 _aDO-SdBNP
_bspa
_cBNPHU
_erda
041 _hspa
082 4 _axxx
_bS562i
_222
245 1 0 _aSistema de implementación del nuevo proceso penal creado por la Ley No. 76-02
246 1 0 _aLey No. 76-02
264 _aSanto Domoimgo :
_bEditora no identificada,
_c2004
300 _a65 páginas. ;
_c20 cm.
336 _ardacontent
_btexto
_2txt
337 _ardamedia
_bsin mediación
_2n
338 _ardacarrier
_bvolumen
_2nc
500 _aResolución No. 1920-2003, de la Suprema Corte de Justicia. Resolución No. 14789-2003, de la Procuraduría General de la República. Ley No. 278-04, sobre la implementación del proceso penal. Resolución No. 782-2004 incorporación de los abogados de oficio. Resolución No. 14786-2003
505 0 _t.
590 _aInventariado 2025/DG
650 4 _979530
_aRepública Dominicanos
_xLey 76-02 que crea el Sistema de Implementación del Nuevo Proceso Penal
651 4 _964426
_aRepública Dominicana
_xLey No. 76-02
910 _aDG
942 _2ddc
_cLBS1
999 _c58773
_d58773